Dôchodkové úspory padajú

Bibliographic Details
Main Author: Topol, Jakub (Author)
Format: Article
Language:Slovak
PhysicalDescription:Tb.
ISSN:1335-468X
Subjects:

MARC

LEADER 00000nab a2200000 ar4500
001 vtls008959387
003 SK-MaSNL
005 20260426073921.0
008 070328c2007 xo wr|p|||||||000 b|slo
015 |a SNBRB2007/03  |2 snkbucl 
040 |a SNKBUCL  |b slo  |c SNKBUCL  |e AACR2 
041 0 |a slo 
044 |a xo  |c SK 
080 |a 368.914:336.714  |x (437.6)  |2 2001 
080 |a 336.714:368.914  |x (437.6)  |2 2001 
080 |a 364.35  |x (437.6)  |2 2001 
100 1 |a Topol, Jakub  |4 aut  |9 908758 
245 1 0 |a Dôchodkové úspory padajú  |c Jakub Topol 
300 |b Tb. 
650 0 7 |a dôchodky  |2 SNKPH  |9 14684 
650 0 7 |a dôchodkové systémy  |2 SNKPH  |9 74017 
650 0 7 |a dôchodkové správcovské spoločnosti  |2 SNK  |9 535291 
650 0 7 |a starobné dôchodkové sporenie  |2 SNK  |9 58138 
650 0 7 |a úspory  |2 SNKPH  |9 31171 
651 7 |a Slovensko  |2 SNKPHgeo  |9 14231 
655 7 |a úvahy  |2 SNKPH  |9 29403 
773 0 |t Slovo : spoločensko-politický týždenník  |g Roč. IX, č. 12 (2007), s. 3  |x 1335-468X 
852 |a SNK  |b KIS3GCP 
958 |a SK 
999 |c 2719945  |d 2721875